banner-ar

الاتصال بالجماهير : الصحافة والسينما والراديو والتليفزيون / (Record no. 42392)

MARC details
000 -الفاتح
حقل البيانات ثابتة الطول 00639nam a2200205Ia 4500
008 - عناصر البيانات ثابتة الطول - معلومات عامة
حقل البيانات ثابتة الطول 140319s9999 xx 000 0 ara d
040 ## - مصدر الفهرسة
وكالة الفهرسة الأصلية GCL /
وكالة النسخ GCL
082 04 - رقم تصنيف ديوى العشرى
رقم التصنيف 001.5
رقم المادة ب ا
100 1# - المدخل الرئيسى - إسم شخصى
الإسم الشخصى بارنو، اريك
245 10 - بيان العنوان
العنوان الاتصال بالجماهير : الصحافة والسينما والراديو والتليفزيون /
بيان المسئوليه,etc بارنو، اريك
700 1# - المدخل الاضافى - اسم شخصى
الإسم الشخصى عبدالحليم البشلاوى
700 1# - المدخل الاضافى - اسم شخصى
الإسم الشخصى صلاح عز الدين (مترجم)
300 ## - الوصف المادى
التعداد 416 ص
490 ## - بيان السلسلة
عنوان السلسلة
650 04 - المدخل الاضافى بالموضوع-مصطلح موضوعى
مصطلح موضوعي الدعاية
650 04 - المدخل الاضافى بالموضوع-مصطلح موضوعى
مصطلح موضوعي الراى العام
650 04 - المدخل الاضافى بالموضوع-مصطلح موضوعى
مصطلح موضوعي الاذاعة
942 ## - عناصر المدخل الإضافي( كوها)
مصدر التصنيف او مخطط الترفيف Dewey Decimal Classification
Koha [default] item type كتاب
Holdings
حالة التراجع حالة الفقد حالة تلف ليس للاعارة المكان المؤقت الموقع الحالى تاريخ الاكتساب اجمالي اﻻعارات رقم الطلب الباركود تاريخ اخر مشاهدة تاريخ تفعيل السعر نوع وعاء كوها
        مكتبة القاهرة الكبرى مكتبة القاهرة الكبرى 03/26/2014   001.5\ب ا 102360 03/26/2014 03/26/2014 كتاب
        مكتبة القاهرة الكبرى مكتبة القاهرة الكبرى 03/26/2014   001.5\ب ا 102361 03/26/2014 03/26/2014 كتاب

Powered By

EGPV